[Event "9. Open de Calviá 2012 Aficionados"]
[Site "Calvia ESP"]
[Date "2012.10.09"]
[Round "4.2"]
[White "Sokalsky, Alexander"]
[Black "Andersen, Lars Even"]
[Result "1/2-1/2"]
[WhiteElo "2210"]
[BlackElo "2291"]
[PlyCount "229"]
[EventDate "2012.10.06"]
[EventType "swiss"]
[EventRounds "9"]
[EventCountry "ESP"]
[SourceTitle "Ajedrez en Madrid"]
[Source "lmi"]
[SourceDate "2012.10.06"]

1. Nf3 Nf6 2. b3 g6 3. Bb2 Bg7 4. c4 O-O 5. g3 c5 6. Bg2 Nc6 7. O-O Rb8 8. d3
a6 9. Nbd2 b5 10. Rc1 d6 11. Bc3 Bb7 12. e3 Nb4 13. Bxb4 cxb4 14. Nd4 bxc4 15.
dxc4 Bxg2 16. Kxg2 Rc8 17. Qf3 Qd7 18. Ne4 Nxe4 19. Qxe4 Rc5 20. Nf3 a5 21.
Rcd1 a4 22. h4 axb3 23. axb3 Ra5 24. Rh1 Rfa8 25. c5 Qc7 26. cxd6 exd6 27. Qxb4
R5a6 28. h5 Rb6 29. Qe4 Rab8 30. hxg6 hxg6 31. Rd3 Rb4 32. Qd5 R4b5 33. Qxd6
Qxd6 34. Rxd6 Rxb3 35. Rhd1 R3b7 36. Rd7 Bf6 37. Rxb7 Rxb7 38. Rd2 Kg7 39. Rc2
Rd7 40. Nh2 Kf8 41. f4 Ra7 42. e4 Bd4 43. Nf3 Bf6 44. Kh3 Rb7 45. Kg4 Kg7 46.
Rc8 Ra7 47. e5 Be7 48. Nd4 Rd7 49. Nc6 Bf8 50. Nb8 Rb7 51. Nc6 Rd7 52. Kf3 Be7
53. g4 Ba3 54. f5 gxf5 55. gxf5 Rb7 56. Kg4 Rb1 57. f6+ Kh7 58. Rc7 Kg6 59. Nd8
Rb4+ 60. Kf3 Bb2 61. Nxf7 Bxe5 62. Nxe5+ Kxf6 63. Ng4+ Ke6 64. Rc3 Ra4 65. Rd3
Rb4 66. Nf2 Ra4 67. Ne4 Ra1 68. Rd2 Ke5 69. Nc5 Ra3+ 70. Kg4 Ra1 71. Nd7+ Ke6
72. Nf8+ Ke7 73. Ng6+ Ke6 74. Nf4+ Ke5 75. Ng6+ Ke6 76. Nh4 Ra4+ 77. Kg5 Ra5+
78. Kg6 Ke5 79. Rd8 Ke4 80. Re8+ Re5 81. Ra8 Rb5 82. Nf5 Rb1 83. Ra4+ Ke5 84.
Ra5+ Ke4 85. Nd6+ Kd4 86. Kf6 Rf1+ 87. Nf5+ Kc4 88. Re5 Ra1 89. Ke6 Rh1 90.
Nd6+ Kd4 91. Re4+ Kd3 92. Ke5 Rh8 93. Rd4+ Kc3 94. Nb5+ Kb3 95. Kd5 Rh5+ 96.
Kc6 Rh6+ 97. Kc5 Rh5+ 98. Kb6 Rh8 99. Nd6 Kc3 100. Rd5 Kb4 101. Rd3 Rh6 102.
Kc6 Rh5 103. Rf3 Rc5+ 104. Kb6 Rh5 105. Rg3 Rh8 106. Rd3 Rh5 107. Rf3 Rh8 108.
Kc6 Rh5 109. Rf4+ Kc3 110. Nf5 Rh8 111. Kd5 Rd8+ 112. Nd6 Kd3 113. Rf3+ Ke2
114. Rg3 Rb8 115. Ke4 1/2-1/2

[Event "9. Open de Calviá 2012 Aficionados"]
[Site "Calvia ESP"]
[Date "2012.10.09"]
[Round "4.3"]
[White "Sgircea, Silvia-raluca"]
[Black "Schuermans, Robert"]
[Result "1/2-1/2"]
[WhiteElo "2255"]
[BlackElo "2175"]
[PlyCount "42"]
[EventDate "2012.10.06"]
[EventType "swiss"]
[EventRounds "9"]
[EventCountry "ESP"]
[SourceTitle "Ajedrez en Madrid"]
[Source "lmi"]
[SourceDate "2012.10.06"]

1. Nf3 Nc6 2. d4 d5 3. Bf4 Bg4 4. e3 e6 5. c4 Bb4+ 6. Nc3 Nf6 7. Rc1 O-O 8. Be2
Bxc3+ 9. bxc3 Na5 10. cxd5 exd5 11. O-O c6 12. Ne5 Bxe2 13. Qxe2 Nd7 14. Qg4 f5
15. Qg3 Nxe5 16. Bxe5 Rf7 17. h4 Qd7 18. h5 Qe6 19. Bf4 Nc4 20. Rfe1 Re8 21.
Re2 b5 1/2-1/2

[Event "9. Open de Calviá 2012 Aficionados"]
[Site "Calvia ESP"]
[Date "2012.10.09"]
[Round "4.4"]
[White "Gromovs, Sergejs"]
[Black "Karimi, Farhad"]
[Result "1-0"]
[WhiteElo "2169"]
[BlackElo "2225"]
[PlyCount "80"]
[EventDate "2012.10.06"]
[EventType "swiss"]
[EventRounds "9"]
[EventCountry "ESP"]
[SourceTitle "Ajedrez en Madrid"]
[Source "lmi"]
[SourceDate "2012.10.06"]

1. d4 Nf6 2. Nf3 e6 3. c4 Bb4+ 4. Nbd2 b6 5. a3 Bxd2+ 6. Bxd2 Bb7 7. e3 Ne4 8.
Bc1 f5 9. Bd3 O-O 10. Qc2 Ng5 11. Nxg5 Qxg5 12. f3 Qh4+ 13. Qf2 Qh5 14. Bd2 a5
15. O-O-O d5 16. Kb1 c5 17. dxc5 bxc5 18. Bc3 Nc6 19. h3 f4 20. cxd5 exd5 21.
exf4 d4 22. Bd2 Nb4 23. axb4 axb4 24. Rc1 b3 25. Rhe1 Ra4 26. Qe2 Bd5 27. Rxc5
Rfa8 28. Ba5 Qf7 29. Qe5 Bc4 30. Be4 Qd7 31. Bc6 R4xa5 32. Rxa5 Bd3+ 33. Kc1
Qxc6+ 34. Qc5 Qxc5+ 35. Rxc5 Bg6 36. f5 Bf7 37. Re7 g6 38. Rcc7 Rf8 39. f6 g5
40. Red7 Bg6 1-0

[Event "9. Open de Calviá 2012 Aficionados"]
[Site "Calvia ESP"]
[Date "2012.10.09"]
[Round "4.5"]
[White "Sanchez Romero, Miquel Angel"]
[Black "Schenk Papke, Andres"]
[Result "1-0"]
[WhiteElo "2220"]
[BlackElo "2038"]
[PlyCount "75"]
[EventDate "2012.10.06"]
[EventType "swiss"]
[EventRounds "9"]
[EventCountry "ESP"]
[SourceTitle "Ajedrez en Madrid"]
[Source "lmi"]
[SourceDate "2012.10.06"]

1. e4 e5 2. Nf3 Nc6 3. Bb5 a6 4. Ba4 Nf6 5. O-O Be7 6. Qe2 b5 7. Bb3 O-O 8. c3
d6 9. a4 Rb8 10. axb5 axb5 11. d4 exd4 12. cxd4 Bg4 13. Rd1 Ra8 14. Rxa8 Qxa8
15. e5 dxe5 16. dxe5 Bxf3 17. gxf3 Nxe5 18. Qxe5 Qxf3 19. Qxe7 Qg4+ 20. Kf1
Qh3+ 21. Ke1 Qxb3 22. Rd8 Qe6+ 23. Qxe6 fxe6 24. Rxf8+ Kxf8 25. Bf4 Nd5 26. Be5
Kf7 27. Nc3 Nb4 28. Kd2 c6 29. Bd6 Na6 30. Ne4 e5 31. Bxe5 Nb4 32. Kc3 Na2+ 33.
Kd4 Nc1 34. b4 h6 35. Ng3 g5 36. Bd6 Kg6 37. Kc3 h5 38. Kc2 1-0

[Event "9. Open de Calviá 2012 Aficionados"]
[Site "Calvia ESP"]
[Date "2012.10.09"]
[Round "4.6"]
[White "Lacrosse, Marc"]
[Black "Galiana Salom, Juan Ramon"]
[Result "1/2-1/2"]
[WhiteElo "2165"]
[BlackElo "2215"]
[PlyCount "73"]
[EventDate "2012.10.06"]
[EventType "swiss"]
[EventRounds "9"]
[EventCountry "ESP"]
[SourceTitle "Ajedrez en Madrid"]
[Source "lmi"]
[SourceDate "2012.10.06"]

1. d4 f5 2. g3 g6 3. Bg2 Bg7 4. Nf3 c6 5. O-O d6 6. c4 Nh6 7. Nc3 Nf7 8. Re1
O-O 9. e4 e5 10. dxe5 dxe5 11. b3 f4 12. Ba3 Re8 13. Qxd8 Rxd8 14. Red1 Re8 15.
Rd3 g5 16. Rad1 Na6 17. Bf1 Nc7 18. h3 h5 19. Kh2 Bf6 20. R3d2 Ne6 21. Ne1 Kg7
22. Be2 Kg6 23. g4 hxg4 24. Bxg4 Nd4 25. Kg2 Bxg4 26. hxg4 Rh8 27. Ne2 Rad8 28.
Nxd4 exd4 29. Nf3 Ne5 30. Nxe5+ Bxe5 31. Bc5 Rh4 32. Bxd4 f3+ 33. Kxf3 Rf8+ 34.
Ke2 Rxg4 35. Bxe5 Rxe4+ 36. Kf1 Rxe5 37. Re2 1/2-1/2

[Event "9. Open de Calviá 2012 Aficionados"]
[Site "Calvia ESP"]
[Date "2012.10.09"]
[Round "4.7"]
[White "Rhein, Klaus"]
[Black "Tscharotschkin, Michael"]
[Result "1/2-1/2"]
[WhiteElo "2132"]
[BlackElo "2205"]
[PlyCount "56"]
[EventDate "2012.10.06"]
[EventType "swiss"]
[EventRounds "9"]
[EventCountry "ESP"]
[SourceTitle "Ajedrez en Madrid"]
[Source "lmi"]
[SourceDate "2012.10.06"]

1. e4 c6 2. d4 d5 3. Nc3 g6 4. Nf3 Bg7 5. h3 dxe4 6. Nxe4 Nf6 7. Nxf6+ exf6 8.
Bc4 O-O 9. O-O Re8 10. c3 Be6 11. Bxe6 Rxe6 12. Be3 Na6 13. Qd3 Qd6 14. Rfd1
Nc7 15. c4 b5 16. cxb5 Nxb5 17. d5 Qxd5 18. Qxd5 cxd5 19. Rxd5 a6 20. Rad1 f5
21. Rd7 Bxb2 22. Ng5 Ree8 23. Nxf7 Bg7 24. Nh6+ Kh8 25. Bg5 Rf8 26. Nf7+ Kg8
27. Nh6+ Kh8 28. Nf7+ Kg8 1/2-1/2

[Event "9. Open de Calviá 2012 Aficionados"]
[Site "Calvia ESP"]
[Date "2012.10.09"]
[Round "4.8"]
[White "Shen, Yue"]
[Black "Voiteanu, Gabriel"]
[Result "1-0"]
[WhiteElo "2120"]
[BlackElo "2298"]
[PlyCount "111"]
[EventDate "2012.10.06"]
[EventType "swiss"]
[EventRounds "9"]
[EventCountry "ESP"]
[SourceTitle "Ajedrez en Madrid"]
[Source "lmi"]
[SourceDate "2012.10.06"]

1. d4 Nf6 2. c4 g6 3. g3 Bg7 4. Bg2 d5 5. cxd5 Nxd5 6. Nf3 O-O 7. O-O Nb6 8.
Nc3 Nc6 9. e3 Re8 10. Re1 e5 11. d5 Na5 12. e4 c6 13. b3 Bg4 14. Ba3 cxd5 15.
exd5 e4 16. Nxe4 Nxd5 17. Rc1 Nc6 18. Nd6 Rxe1+ 19. Qxe1 Bf8 20. Nxb7 Qf6 21.
Bxf8 Bxf3 22. Bd6 Nd4 23. Be5 Qg5 24. Bxd4 Bxg2 25. Qe5 Qxe5 26. Bxe5 Bf3 27.
Nd6 f6 28. Bd4 a5 29. Bc5 Ra6 30. Nb5 Nb4 31. Nd4 Bd5 32. a3 Nc6 33. Nb5 Ne5
34. Nc7 Nf3+ 35. Kg2 Bb7 36. Nxa6 Nd2+ 37. Kg1 Nf3+ 38. Kg2 Nd2+ 39. f3 Bxa6
40. b4 axb4 41. axb4 Bb5 42. Kf2 Kf7 43. Ra1 g5 44. Ra7+ Kg6 45. Rb7 Bc6 46.
Rb6 Bd5 47. Bd4 h6 48. Rxf6+ Kh7 49. Be3 Nc4 50. b5 g4 51. b6 gxf3 52. b7 Ne5
53. Rxh6+ Kg7 54. b8=Q Ng4+ 55. Ke1 f2+ 56. Bxf2 1-0

[Event "9. Open de Calviá 2012 Aficionados"]
[Site "Calvia ESP"]
[Date "2012.10.09"]
[Round "4.9"]
[White "Sanchez Garcia, Julio"]
[Black "Massanet Massanet, Sebastian"]
[Result "1/2-1/2"]
[WhiteElo "2070"]
[BlackElo "2247"]
[PlyCount "124"]
[EventDate "2012.10.06"]
[EventType "swiss"]
[EventRounds "9"]
[EventCountry "ESP"]
[SourceTitle "Ajedrez en Madrid"]
[Source "lmi"]
[SourceDate "2012.10.06"]

1. d4 d5 2. c4 c6 3. Nf3 Nf6 4. Nc3 e6 5. Bg5 dxc4 6. e4 b5 7. e5 h6 8. Bh4 g5
9. Nxg5 Nd5 10. Nxf7 Qxh4 11. Nxh8 Bb4 12. Rc1 Qe4+ 13. Be2 Nf4 14. Qd2 Nd3+
15. Kf1 Nxc1 16. Nxe4 Bxd2 17. Nxd2 Nxa2 18. h4 a5 19. g4 a4 20. g5 Ra7 21. Ne4
hxg5 22. Nd6+ Kf8 23. Nxc8 Rc7 24. Nd6 gxh4 25. Ng6+ Kg8 26. Rxh4 Rh7 27. Nxc4
Rxh4 28. Nxh4 Nc1 29. Nd2 Na6 30. Ng6 Nb4 31. Ne7+ Kf7 32. Nxc6 Nxc6 33. Bxb5
Nxd4 34. Bxa4 Nd3 35. Nc4 Kg6 36. Be8+ Kf5 37. Bh5 Kf4 38. Bg6 Nb4 39. Ke1 Kf3
40. Kd2 Kxf2 41. Kc3 Nbc6 42. Be8 Ne2+ 43. Kb3 Ncd4+ 44. Ka4 Nf4 45. b4 Nd5 46.
b5 Nc7 47. Bd7 Kf3 48. Ka5 Nb3+ 49. Kb6 Nd5+ 50. Kc6 Ke4 51. Kd6 Kd4 52. Bxe6
Nc3 53. Kc6 Nc5 54. Bg8 Na2 55. b6 Nb4+ 56. Kc7 Nba6+ 57. Kc8 Nb4 58. b7 Nc6
59. b8=Q Nxb8 60. Kxb8 Nd7+ 61. Kc7 Nxe5 62. Nxe5 Kxe5 1/2-1/2

[Event "9. Open de Calviá 2012 Aficionados"]
[Site "Calvia ESP"]
[Date "2012.10.09"]
[Round "4.10"]
[White "Spence, David J"]
[Black "Juan Mas, Santiago"]
[Result "1-0"]
[WhiteElo "2247"]
[BlackElo "2062"]
[PlyCount "29"]
[EventDate "2012.10.06"]
[EventType "swiss"]
[EventRounds "9"]
[EventCountry "ESP"]
[SourceTitle "Ajedrez en Madrid"]
[Source "lmi"]
[SourceDate "2012.10.06"]

1. e4 Nc6 2. Nf3 d6 3. d4 Nf6 4. Nc3 g6 5. h3 Bg7 6. Be3 O-O 7. Bb5 a6 8. Bxc6
bxc6 9. Qd2 Bb7 10. Bh6 c5 11. dxc5 Nxe4 12. Nxe4 Bxe4 13. Bxg7 Bxf3 14. Bxf8
Bxg2 15. Rg1 1-0

[Event "9. Open de Calviá 2012 Aficionados"]
[Site "Calvia ESP"]
[Date "2012.10.09"]
[Round "4.12"]
[White "Van Den Bersselaar, Jeroen"]
[Black "Crespi Lopez, Juan Josep"]
[Result "1-0"]
[WhiteElo "2196"]
[BlackElo "1941"]
[PlyCount "99"]
[EventDate "2012.10.06"]
[EventType "swiss"]
[EventRounds "9"]
[EventCountry "ESP"]
[SourceTitle "Ajedrez en Madrid"]
[Source "lmi"]
[SourceDate "2012.10.06"]

1. d4 Nf6 2. c4 g6 3. Nc3 Bg7 4. e4 d6 5. Nf3 O-O 6. Be2 e5 7. O-O Nc6 8. d5
Ne7 9. Ne1 Nd7 10. Be3 f5 11. f3 f4 12. Bf2 g5 13. Rc1 Ng6 14. Nb5 Nf6 15. c5
Rf7 16. cxd6 cxd6 17. Qc2 Ne8 18. Nxa7 Bd7 19. Qb3 Rb8 20. Bb6 Qf6 21. Bb5 h5
22. Bxd7 Rxd7 23. h3 Bh6 24. Nd3 g4 25. hxg4 hxg4 26. Nf2 g3 27. Ng4 Qg7 28.
Rc3 Nh4 29. Qc2 Kh7 30. Rc8 Rxc8 31. Qxc8 Qf7 32. Bd8 Ng6 33. Nb5 Bg7 34. a4
Nf8 35. b4 Qg6 36. Nc3 Bf6 37. Nxf6+ Nxf6 38. Bxf6 Qxf6 39. a5 Qe7 40. Nb5 Rd8
41. Qf5+ Kg7 42. Rc1 Rd7 43. Rc8 Ng6 44. Qxd7 Qxd7 45. Rc7 Qxc7 46. Nxc7 Kf7
47. b5 Ne7 48. a6 bxa6 49. b6 a5 50. b7 1-0

[Event "9. Open de Calviá 2012 Aficionados"]
[Site "Calvia ESP"]
[Date "2012.10.09"]
[Round "4.15"]
[White "Stavila, Irina"]
[Black "Planas Gene, Juan"]
[Result "1-0"]
[WhiteElo "1944"]
[BlackElo "2136"]
[PlyCount "99"]
[EventDate "2012.10.06"]
[EventType "swiss"]
[EventRounds "9"]
[EventCountry "ESP"]
[SourceTitle "Ajedrez en Madrid"]
[Source "lmi"]
[SourceDate "2012.10.06"]

1. c4 Nf6 2. Nc3 g6 3. e4 d6 4. d3 Bg7 5. g3 O-O 6. Bg2 e5 7. Nge2 Nc6 8. O-O
Nh5 9. f4 exf4 10. Nxf4 Nxf4 11. Bxf4 Be6 12. Qd2 Qd7 13. Rae1 Ne5 14. b3 Bh3
15. Nd5 Bxg2 16. Kxg2 c6 17. Ne3 Rae8 18. h3 Qe6 19. d4 Nd7 20. Nc2 Nb6 21. Qb4
Rd8 22. c5 dxc5 23. dxc5 Nc8 24. Qxb7 f5 25. Qb4 Rd3 26. e5 Qd5+ 27. Kh2 g5 28.
Ne3 Rd2+ 29. Kg1 Qd3 30. Qc4+ Qxc4 31. Nxc4 Rxa2 32. Bxg5 h6 33. Bh4 Kh7 34.
Rd1 Kg6 35. g4 Re2 36. gxf5+ Rxf5 37. Rxf5 Kxf5 38. Rd8 Bxe5 39. Rxc8 Bd4+ 40.
Kf1 Rh2 41. Rxc6 Rxh3 42. Be7 Rxb3 43. Rxh6 Rc3 44. Nd6+ Kg4 45. Rh4+ Kf3 46.
Rh3+ Kf4 47. Rxc3 Bxc3 48. c6 Ba5 49. Nb7 Bb6 50. Bd8 1-0

[Event "9. Open de Calviá 2012 Aficionados"]
[Site "Calvia ESP"]
[Date "2012.10.09"]
[Round "4.19"]
[White "Terradas Calafell, Jaume"]
[Black "Svensson, Mikael"]
[Result "0-1"]
[WhiteElo "1733"]
[BlackElo "2051"]
[PlyCount "84"]
[EventDate "2012.10.06"]
[EventType "swiss"]
[EventRounds "9"]
[EventCountry "ESP"]
[SourceTitle "Ajedrez en Madrid"]
[Source "lmi"]
[SourceDate "2012.10.06"]

1. e4 e6 2. d4 d5 3. Nd2 Be7 4. Ngf3 Nf6 5. e5 Nfd7 6. Bd3 c5 7. c3 b6 8. Qe2
a5 9. a4 Ba6 10. Bxa6 Nxa6 11. O-O O-O 12. Nb1 Qc7 13. Na3 Qc6 14. Nb5 Rfc8 15.
Bg5 Bf8 16. Nh4 cxd4 17. Nxd4 Qc4 18. Qxc4 Rxc4 19. Nhf3 Nac5 20. Nd2 Rxa4 21.
f4 Rxa1 22. Rxa1 Nd3 23. Ra2 h6 24. Bh4 Nxf4 25. Bg3 Nd3 26. N2f3 Rc8 27. Kf1
g5 28. h3 Bg7 29. b4 axb4 30. cxb4 N7xe5 31. Ra3 Nxf3 32. Nxf3 Nxb4 33. Rb3
Rc1+ 34. Ke2 Rc2+ 35. Kd1 Rb2 36. Ra3 Rxg2 37. Bd6 Nc2 38. Rd3 Kh7 39. Nd2 Nd4
40. Ke1 g4 41. h4 Nf5 42. Kf1 Rxd2 0-1

[Event "9. Open de Calviá 2012 Aficionados"]
[Site "Calvia ESP"]
[Date "2012.10.09"]
[Round "4.31"]
[White "Schafer, Guillermo"]
[Black "Diaz Illescas, Juan Carlos"]
[Result "0-1"]
[WhiteElo "1791"]
[BlackElo "1887"]
[PlyCount "96"]
[EventDate "2012.10.06"]
[EventType "swiss"]
[EventRounds "9"]
[EventCountry "ESP"]
[SourceTitle "Ajedrez en Madrid"]
[Source "lmi"]
[SourceDate "2012.10.06"]

1. e4 c5 2. Nf3 e6 3. d4 cxd4 4. Nxd4 Qb6 5. Nb3 Nc6 6. Be3 Qc7 7. Nc3 a6 8.
Bd3 Nf6 9. f4 d6 10. Qf3 b5 11. g4 Bb7 12. g5 Nd7 13. Qf2 Nb4 14. O-O Nc5 15.
Nxc5 dxc5 16. Rfc1 Rd8 17. Bf1 Qe7 18. a3 Nc6 19. Rd1 Rc8 20. Rd2 Na5 21. Rad1
Bc6 22. b3 Nb7 23. Bg2 Qc7 24. e5 Be7 25. Ne4 O-O 26. Nd6 Bxd6 27. exd6 Qd7 28.
b4 c4 29. Bd4 Bxg2 30. Qxg2 Nd8 31. c3 Nc6 32. Be5 Kh8 33. h4 f6 34. Bd4 Nxd4
35. Rxd4 fxg5 36. hxg5 Rf5 37. Qg3 Rcf8 38. Re1 Rd5 39. Qh3 Rxd4 40. cxd4 Qxd6
41. Qe3 Rd8 42. d5 Qxd5 43. Qxe6 Qxe6 44. Rxe6 Kg8 45. Rxa6 Rd4 46. a4 c3 47.
f5 c2 48. Ra8+ Kf7 0-1

[Event "9. Open de Calviá 2012 Aficionados"]
[Site "Calvia ESP"]
[Date "2012.10.09"]
[Round "4.32"]
[White "Draghici Flutur, Gavril"]
[Black "Jimenez Martinez, Jose Vicente"]
[Result "1/2-1/2"]
[WhiteElo "2086"]
[BlackElo "2254"]
[PlyCount "119"]
[EventDate "2012.10.06"]
[EventType "swiss"]
[EventRounds "9"]
[EventCountry "ESP"]
[SourceTitle "Ajedrez en Madrid"]
[Source "lmi"]
[SourceDate "2012.10.06"]

1. e4 d6 2. d4 g6 3. Nc3 Bg7 4. Be3 c6 5. Nf3 b5 6. Bd3 Nf6 7. h3 O-O 8. Qd2
Nbd7 9. O-O e5 10. dxe5 Nxe5 11. Nxe5 dxe5 12. Bc5 Re8 13. a4 a6 14. Qe3 Be6
15. Rfd1 Qc7 16. Be2 Nd7 17. Bd6 Qb6 18. Qxb6 Nxb6 19. b3 Bf8 20. Bxf8 Kxf8 21.
Rd6 Rec8 22. axb5 axb5 23. Rxa8 Nxa8 24. Rd1 Ke7 25. Kf1 Nb6 26. Ra1 Ra8 27.
Rxa8 Nxa8 28. Ke1 f5 29. exf5 gxf5 30. g4 Nc7 31. Kd2 b4 32. Na4 Kd6 33. gxf5
Bxf5 34. Bg4 Bxg4 35. hxg4 e4 36. Nb6 Ke5 37. Nd7+ Kf4 38. Nf6 h6 39. Ng8 Kxg4
40. Nxh6+ Kf3 41. Ke1 Kf4 42. Nf7 Ne6 43. Nd6 Nd4 44. Kd2 Kf3 45. Kd1 Kf4 46.
Kd2 Nf5 47. Nxf5 Kxf5 48. Ke3 Ke5 49. f3 exf3 50. Kxf3 Kd4 51. Ke2 Kc3 52. Kd1
Kb2 53. Kd2 c5 54. Kd1 Kc3 55. Kc1 c4 56. bxc4 Kxc4 57. Kb2 Kc5 58. Kb3 Kb5 59.
c3 bxc3 60. Kxc3 1/2-1/2

[Event "9. Open de Calviá 2012 Aficionados"]
[Site "Calvia ESP"]
[Date "2012.10.09"]
[Round "4.33"]
[White "Ramis Sebastia, Jordi Salvador"]
[Black "Enjuto Velasco, Roberto"]
[Result "0-1"]
[WhiteElo "1675"]
[BlackElo "2142"]
[PlyCount "84"]
[EventDate "2012.10.06"]
[EventType "swiss"]
[EventRounds "9"]
[EventCountry "ESP"]
[SourceTitle "Ajedrez en Madrid"]
[Source "lmi"]
[SourceDate "2012.10.06"]

1. d4 Nf6 2. c4 g6 3. Nc3 d5 4. cxd5 Nxd5 5. e4 Nxc3 6. bxc3 Bg7 7. Bc4 O-O 8.
Ne2 c5 9. O-O Nc6 10. Be3 Bg4 11. f3 Na5 12. Bd3 cxd4 13. cxd4 Be6 14. Qa4 Rc8
15. Rac1 b6 16. Bb5 a6 17. Rxc8 Bxc8 18. Bd3 b5 19. Qc2 Nb7 20. a4 Nd6 21. e5
Nf5 22. Bf2 Bd7 23. axb5 axb5 24. Qb2 Qb6 25. Rb1 Rb8 26. Qb4 e6 27. Kf1 Bf8
28. Qb2 Qc7 29. g4 Ne7 30. Nc3 b4 31. Ne4 Nd5 32. Qd2 Qb7 33. h4 Bb5 34. Bxb5
Qxb5+ 35. Kg2 b3 36. h5 b2 37. hxg6 hxg6 38. Bh4 Qd3 39. Bg5 Qxb1 40. Bh6 Qxe4
41. fxe4 b1=Q 42. Bxf8 Rb2 0-1

[Event "9. Open de Calviá 2012 Aficionados"]
[Site "Calvia ESP"]
[Date "2012.10.10"]
[Round "5.1"]
[White "Sanchez Romero, Miquel Angel"]
[Black "Gomez Jurado, Luis Alberto"]
[Result "1/2-1/2"]
[WhiteElo "2220"]
[BlackElo "2248"]
[PlyCount "58"]
[EventDate "2012.10.06"]
[EventType "swiss"]
[EventRounds "9"]
[EventCountry "ESP"]
[SourceTitle "Ajedrez en Madrid"]
[Source "lmi"]
[SourceDate "2012.10.06"]

1. e4 c6 2. d4 d5 3. Nc3 dxe4 4. Nxe4 Bf5 5. Ng3 Bg6 6. Nf3 Nd7 7. h4 h6 8. h5
Bh7 9. Bd3 Bxd3 10. Qxd3 e6 11. Bd2 Ngf6 12. O-O-O Be7 13. Ne4 Nxe4 14. Qxe4
Nf6 15. Qe2 Qd5 16. c4 Qe4 17. Rde1 Qxe2 18. Rxe2 O-O 19. Ne5 Rfd8 20. Bc3 c5
21. dxc5 Bxc5 22. g4 Bd4 23. Bxd4 Rxd4 24. Rd1 Rxd1+ 25. Kxd1 Kf8 26. Rd2 Rc8
27. b3 Ke7 28. f4 Rc7 29. Ke2 Ne4 1/2-1/2

[Event "9. Open de Calviá 2012 Aficionados"]
[Site "Calvia ESP"]
[Date "2012.10.10"]
[Round "5.2"]
[White "Gromovs, Sergejs"]
[Black "Sokalsky, Alexander"]
[Result "1-0"]
[WhiteElo "2169"]
[BlackElo "2210"]
[PlyCount "81"]
[EventDate "2012.10.06"]
[EventType "swiss"]
[EventRounds "9"]
[EventCountry "ESP"]
[SourceTitle "Ajedrez en Madrid"]
[Source "lmi"]
[SourceDate "2012.10.06"]

1. d4 Nf6 2. c4 e6 3. Nf3 d5 4. Nc3 Be7 5. Bf4 O-O 6. e3 Nbd7 7. Qc2 c6 8. a3
b6 9. cxd5 exd5 10. Bd3 Bb7 11. O-O h6 12. Ne2 Re8 13. Ng3 Bf8 14. h4 Qe7 15.
Nf5 Qe6 16. Ne5 c5 17. f3 c4 18. Be2 Nxe5 19. Bxe5 g6 20. g4 Nd7 21. f4 gxf5
22. gxf5 Qe7 23. f6 Nxf6 24. f5 Bg7 25. Rf4 Nd7 26. f6 Nxf6 27. Raf1 Qe6 28.
Rxf6 Bxf6 29. Rxf6 Qh3 30. Rg6+ Kf8 31. Bd6+ Re7 32. Rg3 Qe6 33. Qh7 Ke8 34.
Bg4 f5 35. Bxf5 Rxh7 36. Bxe6 Rh8 37. Rg7 Bc6 38. Rc7 Bb5 39. Bxd5 Rb8 40. Rxa7
Rc8 41. Bf7+ 1-0

[Event "9. Open de Calviá 2012 Aficionados"]
[Site "Calvia ESP"]
[Date "2012.10.10"]
[Round "5.3"]
[White "Andersen, Lars Even"]
[Black "Lacrosse, Marc"]
[Result "1-0"]
[WhiteElo "2291"]
[BlackElo "2165"]
[PlyCount "139"]
[EventDate "2012.10.06"]
[EventType "swiss"]
[EventRounds "9"]
[EventCountry "ESP"]
[SourceTitle "Ajedrez en Madrid"]
[Source "lmi"]
[SourceDate "2012.10.06"]

1. d4 d5 2. c4 e6 3. Nc3 Nf6 4. Nf3 Nbd7 5. Bf4 dxc4 6. e4 Bb4 7. Qc2 b5 8. a4
c6 9. Nd2 O-O 10. axb5 Bxc3 11. Qxc3 cxb5 12. b3 Bb7 13. f3 cxb3 14. Bxb5 Qb6
15. Bc4 Rfc8 16. Qd3 b2 17. Rb1 a5 18. Be3 a4 19. Qa3 Qa5 20. Kf2 Nb6 21. Be2
Ba6 22. Bxa6 Qxa6 23. Rxb2 Nc4 24. Nxc4 Rxc4 25. Ra1 Qc6 26. Qd3 h6 27. Rba2
Rb8 28. Qd1 Rb3 29. Rd2 Rbc3 30. Raa2 Rc1 31. Qe2 Qc7 32. g3 Qc6 33. Kg2 Nxe4
34. fxe4 Qxe4+ 35. Qf3 Qb1 36. Rab2 Qg6 37. Bf2 R1c2 38. Qe2 Rxd2 39. Rxd2 Rc3
40. d5 exd5 41. Rxd5 Rc2 42. Rd8+ Kh7 43. Qd3 a3 44. Qxg6+ Kxg6 45. Ra8 a2 46.
Ra5 f6 47. Kf3 Kf7 48. Ra6 Kg6 49. h3 h5 50. h4 Kf5 51. Ra5+ Kg6 52. Be3 Kf7
53. Ke4 Kg6 54. Kd3 Rg2 55. Bf4 Kf7 56. Ke4 Ke6 57. Ra6+ Kf7 58. Kf5 g6+ 59.
Ke4 g5 60. hxg5 fxg5 61. Bxg5 Rxg3 62. Kf5 Rf3+ 63. Bf4 Rf2 64. Ra7+ Ke8 65.
Ke6 Kf8 66. Be5 Kg8 67. Rg7+ Kf8 68. Rh7 Rg2 69. Ra7 Kg8 70. Ra8+ 1-0

[Event "9. Open de Calviá 2012 Aficionados"]
[Site "Calvia ESP"]
[Date "2012.10.10"]
[Round "5.4"]
[White "Myhrvold, Rune"]
[Black "Sgircea, Silvia-raluca"]
[Result "1/2-1/2"]
[WhiteElo "2189"]
[BlackElo "2255"]
[PlyCount "107"]
[EventDate "2012.10.06"]
[EventType "swiss"]
[EventRounds "9"]
[EventCountry "ESP"]
[SourceTitle "Ajedrez en Madrid"]
[Source "lmi"]
[SourceDate "2012.10.06"]

1. e4 c5 2. c3 Nf6 3. e5 Nd5 4. d4 cxd4 5. cxd4 e6 6. Nf3 d6 7. Bc4 Nb6 8. Bd3
Nc6 9. O-O Nb4 10. Be2 Bd7 11. Nc3 dxe5 12. Nxe5 Be7 13. Bf3 Bc6 14. Nxc6 bxc6
15. a3 N4d5 16. Ne4 O-O 17. Qc2 Rc8 18. Rd1 Nd7 19. Nc5 N7f6 20. Bd2 Qc7 21.
Rac1 Bd6 22. h3 Ne7 23. Qa4 Nfd5 24. Ba5 Nb6 25. Qc2 Bf4 26. Rb1 Ned5 27. Be2
Qe7 28. g3 Bh6 29. Ba6 Rc7 30. Bd3 g6 31. Na6 Rcc8 32. Nc5 Rfe8 33. Bf1 Bg7 34.
Bg2 Red8 35. Rbc1 Bh6 36. Bd2 Bxd2 37. Rxd2 Nf6 38. Nb3 Nbd5 39. Na5 Qe8 40. b4
Rc7 41. Qc4 Rdc8 42. Rdc2 Nb6 43. Qa6 Nfd5 44. Bxd5 exd5 45. b5 c5 46. dxc5 Nd7
47. Qd6 Qe4 48. Nb3 Ne5 49. Nd2 Qd4 50. Qf6 Nc6 51. Qd6 Ne5 52. Qf6 Nc6 53. Qd6
Ne5 54. Qf6 1/2-1/2

[Event "9. Open de Calviá 2012 Aficionados"]
[Site "Calvia ESP"]
[Date "2012.10.10"]
[Round "5.5"]
[White "Schuermans, Robert"]
[Black "Spence, David J"]
[Result "1/2-1/2"]
[WhiteElo "2175"]
[BlackElo "2247"]
[PlyCount "28"]
[EventDate "2012.10.06"]
[EventType "swiss"]
[EventRounds "9"]
[EventCountry "ESP"]
[SourceTitle "Ajedrez en Madrid"]
[Source "lmi"]
[SourceDate "2012.10.06"]

1. e4 e6 2. d4 d5 3. Nc3 Bb4 4. e5 c5 5. a3 Bxc3+ 6. bxc3 Qa5 7. Bd2 Qa4 8. Qg4
g6 9. c4 Ne7 10. dxc5 Nbc6 11. Nf3 Qxc2 12. Rc1 Qf5 13. Qxf5 gxf5 14. cxd5 Nxd5
1/2-1/2